000 00253nam a22001097a 4500
082 _a741.642
100 _aPrannath Kishor
_983493
245 _aThe Mighty Tale of Hanuman
260 _aDelhi
_bApple Book
_c2016
650 _aChildren book
942 _cBK
999 _c68430
_d68430